00930nam a22002537a 4500003000400000005001700004008004100021020001800062040002900080050002400109100002500133245003800158260004000196300002500236650005800261650002600319650006000345700002500405700002400430700002500454942001500479952016500494999001700659OSt20260630121244.0260630b |||||||| |||| 00| 0 eng d a9781880505243 cChuka University Library aLB 1590.3 .N53 1997 aNichols, Jody932065 aPrimary Education Thinking Skills aNew Yorkb Pieces of Learningc1997 a201pb Illustrations aCritical Thinking-Study and Teaching (Primary)932066 aThinking-Study932067 aProblem Solving- Study and Teaching (Elementary)926862 aSally Thomson932068 aMargie Wolfe932069 aDodie Merritt932070 2lcccBKn0 00102lcc40708LGLaCHKbCHKcGENd2026-06-30eDonations from book of Africal0oLB 1590.3 .N53 1997p36161/2026r2026-06-30 12:14:22v1033.09w2026-06-30yBK c25629d25629